Online
Catalog

Edita de Borbón Parma : (Record no. 32020)

MARC details
000 -CABECERA
campo de control de longitud fija 01025nam a2200193 a 4500
001 - NÚMERO DE CONTROL
campo de control 000032529
005 - FECHA Y HORA DE LA ÚLTIMA TRANSACCIÓN
campo de control 20200930065705.0
008 - DATOS DE LONGITUD FIJA--INFORMACIÓN GENERAL
campo de control de longitud fija 110719s2007 xxuac 000 0 spa d
040 ## - FUENTE DE LA CATALOGACIÓN
Centro catalogador/agencia de origen DO-SdBNP
Lengua de catalogación spa
Centro/agencia transcriptor BNPHU
082 ## - NÚMERO DE LA CLASIFICACIÓN DECIMAL DEWEY
Número de clasificación xxxx
Número de documento/Ítem B726
049 ## - FONDOS LOCALES (OCLC)
Fondos de biblioteca BNPD
100 1# - ENTRADA PRINCIPAL--NOMBRE DE PERSONA
Nombre de persona Borbón Parma, Edita de
9 (RLIN) 51353
245 10 - MENCIÓN DE TÍTULO
Título Edita de Borbón Parma :
Resto del título mi vida /
Mención de responsabilidad, etc. Edita de Borbón Parma.
260 ## - PUBLICACIÓN, DISTRIBUCIÓN, ETC.
Lugar de publicación, distribución, etc. Nueva York :
Nombre del editor, distribuidor, etc. Razón Real,
Fecha de publicación, distribución, etc. 2007.
300 ## - DESCRIPCIÓN FÍSICA
Extensión 361 p. :
Otras características físicas il. retr. ;
Dimensiones 29 cm.
500 ## - NOTA GENERAL
Nota general Edita de Borbón Parma (Reynoso Gonzales), mi vida, antropellos y sufrimientos, por ser descendiente de la histórica y emblemática pareja presidencial dominicana el gral. don Horacio Vásquez Lajara y la poetisa y princesa doña Trina Moya de Vásquez (María del Carmen Reynoso, María de las Mercedes de Borbón y de Borbón), vinculados a las familia real de España desde los tiempos coloniales y victimas de la dictadura de Trujillo
590 ## - NOTA LOCAL (RLIN)
Nota local 2 ejemplares autografiados por la autora
700 12 - PUNTO DE ACCESO ADICIONAL--NOMBRE DE PERSONA
Nombre de persona Reynoso González, Edita
9 (RLIN) 58462
Holdings
Estado de retiro Estado de pérdida Restricciones de uso No para préstamo Código de colección Localización permanente Ubicación/localización actual Ubicación en estantería Fecha de adquisición Número de inventario Total de préstamos Signatura topográfica completa Código de barras Fecha visto por última vez Precio válido a partir de Tipo de ítem Koha Número de copia
      Excluido de préstamo Monografías: Libros y Folletos Patrimonio Dominicano Patrimonio Dominicano En catalogación 19.07.2011 LF1   xxxx B726 32529-10 25.06.2020 25.06.2020 No se presta  
      Excluido de préstamo Monografías: Libros y Folletos Patrimonio Dominicano Patrimonio Dominicano En catalogación 26.07.2011 LF1   xxxx B726 32529-20 25.06.2020 25.06.2020 No se presta e. 2

Powered by Koha